|
|
|
|
| LEADER |
00000nam0a2200000 4500 |
| 001 |
292563 |
| 005 |
20231102000516.0 |
| 035 |
|
|
|a (RuTPU)RU\TPU\book\317199
|
| 090 |
|
|
|a 292563
|
| 100 |
|
|
|a 20150423d1977 km y0rusy50 ca
|
| 101 |
0 |
|
|a rus
|
| 102 |
|
|
|a RU
|
| 105 |
|
|
|a y e 000zy
|
| 200 |
1 |
|
|a Англо-русский словарь по ядерным взрывам
|e около 7000 слов и словосочетаний
|f О. К. Петренко
|
| 210 |
|
|
|a Москва
|c Воениздат
|d 1977
|
| 215 |
|
|
|a 304 с.
|
| 606 |
1 |
|
|a Английский язык
|x Терминологические словари
|2 stltpush
|3 (RuTPU)RU\TPU\subj\29063
|9 52475
|
| 606 |
1 |
|
|a Атомная энергия
|x Использование в мирных целях
|2 stltpush
|3 (RuTPU)RU\TPU\subj\29679
|9 52957
|
| 610 |
1 |
|
|a лексика
|
| 610 |
1 |
|
|a словари
|
| 610 |
1 |
|
|a термины
|
| 610 |
1 |
|
|a словосочетания
|
| 610 |
1 |
|
|a ядерные взрывы
|
| 675 |
|
|
|a 621.039.9(031)
|v 3
|
| 686 |
|
|
|a Ш143.21-43
|v LBC/SL-A
|2 rubbk
|
| 700 |
|
1 |
|a Петренко
|b О. К.
|g Ольга Кирилловна
|
| 801 |
|
1 |
|a RU
|b 63413507
|c 20150423
|
| 801 |
|
2 |
|a RU
|b 63413507
|c 20150429
|g RCR
|
| 942 |
|
|
|c BK
|